| 000 | 00863nas a2200289 4500 | ||
|---|---|---|---|
| 001 | BR9500119 | ||
| 003 | BR-BrBNA | ||
| 005 | 20231205093822.0 | ||
| 007 | ta | ||
| 008 | 230509b bl.|||p| |||| 00| 00por d | ||
| 040 |
_aBR-BrBNA _bpor _cBiblioteca Nacional de Agricultura |
||
| 041 | _a(Pt) | ||
| 072 | _aF01 | ||
| 100 | 1 | _aReis, R.A. | |
| 100 | 1 | _aRodrigues, L.R. de A. | |
| 100 | 1 | _aCoan, O. | |
| 100 | 1 | _aResende, K.T. de | |
| 245 | 1 | _aEfeito de diferentes epocas de colheita sobre a producao de forragem e de sementes de aveia-preta | |
| 650 | _aAveia | ||
| 650 | _aPlanta Forrageira | ||
| 650 | _aColheita | ||
| 650 | _aSemente | ||
| 650 | _aSao Paulo | ||
| 773 | 0 |
_tPesquisa Agropecuaria Brasileira (Brazil) _xISSN 0100-204X _g(Jan 1992), v. 27(1) p. 111-117 _wBR9500119 |
|
| 909 |
_a202311 _bLúcia _c55 _dLúcia Elande |
||
| 942 |
_2AGRIS _n0 _cANA |
||
| 999 |
_c140548 _d140548 |
||